Citations drôles du football - Statistiques

Statistiques générales
  • Ce quiz a été pris 479 fois
  • Le résultat moyen est 5 sur 20
Statistiques - réponses
Hint Réponse % Correct
Je suis arrivé comme un roi, je pars comme une légende Zlatan Ibrahimovic
78%
Je suis le premier, le deuxième et le troisième meilleur joueur du monde Cristiano Ronaldo
75%
Un jour je suis allé à la mer, sur le chemin il y avait un bar j'ai jamais vu la mer George Best
50%
Je célèbre pas mes buts parce que c’est mon travail. T’as déjà vu un facteur sauter de joie quand il vient de livrer un colis Mario Balotelli
47%
J'ai marqué un but mais Banks l'a arrété Pelé
46%
Jouer au football est simple. Mais jouer simple est la chose la plus difficile du monde Johan Cruyff
45%
La clé du match est que c’est l’équipe qui marquera le plus de buts qui gagne Michel Platini
40%
Arriver dans la surface et ne pas pouvoir tirer au but, c'est comme danser avec sa soeur Diego Maradona
37%
Le ballon, c'est comme une femme, il aime les caresses. Eric Cantona
36%
Si je devais me noter sur 10, je me mettrais un 11 José Mourinho
20%
Le football est un jeu où 22 personnes courent, jouent avec un ballon et où un arbitre fait une quantité d'erreurs, et à la fin l'Allemagne gagne toujours Gary Lineker
14%
Il a été fauché comme un lapin en plein vol Thierry Rolland
9%
Il n'y a qu' une seule possibilité : gagner, perdre ou faire match nul Franz Beckenbauer
7%
Qui aurait pu deviner qu’un jour j’allais devenir le meilleur footballeur français Marcel Desailly
4%
Le football c'est comme les échecs, seulement il n'y a pas de dés Lukas Podolski
3%
Nous les avons dominé 99% du temps. Ce sont les 3% restants qui nous ont coûté la victoire Ruud Gullit
3%
C'est la porte ouverte à touts les fenêtres Luis Fernandez
2%
Si on veut toujours rester le même, il faut rester changé Robert Pirès
2%
Ça nous a remis les épaules sur la tête Bacary Sagna
1%
Je crois que j'ai 2 pieds; J 'ai cette faculté depuis tout petit Vincent Guérin
1%
Aucun quiz correspondant
Distribution des résultats
% des personnes avec chaque résultat
Percentile par nombre de réponses
Votre historique - résultats
Vous n’avez pas pris ce quiz